[Event "AUTO-INT-3181"]
[Site "http://www.queenalice.com/game.php?id=1444593"]
[Date "2016.10.7"]
[Round "1"]
[White "caracole"]
[Black "Nelsonbento"]
[Result "1-0"]
[WhiteElo "1637"]
[BlackElo "1515"]

1. e4 d5 2. exd5 Qxd5 3. Nc3 Qe6+ 4. Be2 a6 5. Nf3 h6 6. O-O g5 7. d4 c6 8. b3
b5 9. d5 cxd5 10. Nxd5 Nd7 11. Nc7+ Kd8 12. Nxe6+ fxe6 13. Ne5 Bg7 14. Nc6+ Ke8
15. Bh5+ Kf8 16. Qf3+ Ngf6 17. Nd4 Rb8 18. Nxe6+ Kg8 19. Re1 Bb7 20. Qh3 Nxh5
21. Qxh5 Nf6 22. Qg6 Rh7 23. Bb2 Bd5 24. Rad1 Bxe6 25. Rxe6 Rb7 26. Rd8+ Ne8 27.
Rxe8# 1-0

[Event "AUTO-INT-3181"]
[Site "http://www.queenalice.com/game.php?id=1444610"]
[Date "2016.10.7"]
[Round "1"]
[White "caracole"]
[Black "Menezes"]
[Result "0-1"]
[WhiteElo "1654"]
[BlackElo "1599"]

1. e4 e5 2. Nf3 Nc6 3. Bc4 Bc5 4. d3 f6 5. Qe2 d6 6. Be3 Bxe3 7. Qxe3 Bg4 8.
Nbd2 Nge7 9. a3 Bxf3 10. Qxf3 Nd4 11. Qd1 d5 12. exd5 Nxd5 13. g3 Qd7 14. O-O
Qa4 15. b3 Qd7 16. Nf3 Nc3 17. Qd2 Nxf3+ 18. Kh1 Nxd2 0-1

[Event "AUTO-INT-3181"]
[Site "http://www.queenalice.com/game.php?id=1444611"]
[Date "2016.10.7"]
[Round "1"]
[White "Menezes"]
[Black "caracole"]
[Result "1-0"]
[WhiteElo "1436"]
[BlackElo "1638"]

1. e4 e5 2. Nf3 Nc6 3. Nc3 Nf6 4. Bc4 Bb4 5. d3 d6 6. Bd2 Bg4 7. O-O O-O 8. h3
Bh5 9. a3 Bxc3 10. Bxc3 a5 11. Qe2 Qe7 12. g4 Nxg4 13. hxg4 Bxg4 14. Qe3 Qf6 15.
Nh2 Qh4 16. Bd5 Ne7 17. Nxg4 Qxg4+ 18. Qg3 Qh5 19. f4 Ng6 20. f5 Nf4 21. Kf2
Nh3+ 22. Kg2 Nf4+ 23. Rxf4 exf4 24. Qxg7# 1-0

[Event "AUTO-INT-3181"]
[Site "http://www.queenalice.com/game.php?id=1444612"]
[Date "2016.10.7"]
[Round "1"]
[White "caracole"]
[Black "Quiaseze"]
[Result "0-1"]
[WhiteElo "1661"]
[BlackElo "1884"]

1. e4 e5 2. Nf3 Nc6 3. Bc4 Bc5 4. d3 h6 5. Qe2 Qf6 6. c3 d6 7. b4 Bb6 8. Be3 Bg4
9. Nbd2 Bxe3 10. fxe3 Nge7 11. Qf2 O-O 12. O-O Qg6 13. g3 Bh3 14. d4 Bxf1 15.
Qxf1 Kh8 16. Qh3 exd4 17. exd4 f5 18. d5 Ne5 19. Nxe5 dxe5 20. exf5 Qxf5 21.
Qxf5 Nxf5 22. Bd3 Ne3 23. a4 Nxd5 24. Ne4 Rf3 25. Nf2 Nxc3 26. Kg2 Rff8 27. Ng4
e4 28. Bc4 Rad8 29. Ne5 Kh7 30. a5 e3 31. Nf3 e2 32. Be6 Nd1 33. Bg4 Rxf3 34.
Bxf3 e1=Q 35. Bxd1 Rxd1 0-1

[Event "AUTO-INT-3181"]
[Site "http://www.queenalice.com/game.php?id=1444613"]
[Date "2016.10.7"]
[Round "1"]
[White "Quiaseze"]
[Black "caracole"]
[Result "1-0"]
[WhiteElo "1864"]
[BlackElo "1669"]

1. e4 e5 2. Bc4 Nf6 3. d3 c6 4. Qf3 d5 5. exd5 cxd5 6. Bb3 Bc5 7. Bg5 Be7 8.
Bxf6 Bxf6 9. Bxd5 Qe7 10. Nc3 O-O 11. O-O-O Na6 12. Ne4 Bg5+ 13. Kb1 Be6 14.
Bxb7 Qxb7 15. Nf6+ Bxf6 16. Qxb7 Nc5 17. Qc6 Be7 18. Nf3 Bd7 19. Qd5 Be6 20.
Qxe5 h6 21. d4 Nd7 22. Qe3 Bg5 23. Nxg5 hxg5 24. Qxg5 Nf6 25. h4 Ne4 26. Qe3 Bd5
27. h5 Rfe8 28. h6 Kf8 29. h7 Ke7 30. f3 Kd7 31. fxe4 1-0

[Event "AUTO-INT-3202"]
[Site "http://www.queenalice.com/game.php?id=1454319"]
[Date "2016.12.11"]
[Round "1"]
[White "Football_rules"]
[Black "caracole"]
[Result "0-1"]
[WhiteElo "1558"]
[BlackElo "1589"]

1. e4 c5 2. Bc4 Nc6 3. Nf3 g6 4. h3 Bg7 5. a3 e5 6. d3 f6 7. Nc3 d6 8. Nd5 Be6
9. Be3 f5 10. exf5 gxf5 11. Ng5 Qd7 12. Qh5+ Kd8 13. O-O Nh6 14. Rad1 f4 15. Bd2
Bxd5 16. Bxd5 Rf8 17. Nxh7 Rf5 18. Qg6 Qe8 19. Qxd6+ Qd7 20. Qxd7+ Kxd7 21. Be4
Rf7 22. Ng5 Re7 23. Bf3 Bf6 24. Ne4 Ke6 25. c4 Nd4 26. Nxc5+ Kf7 27. Bxb7 Rh8
28. Bd5+ Kg7 29. f3 Nhf5 30. Ne4 Ne3 31. Bxe3 fxe3 32. Rde1 e2 33. Rf2 Kg6 34.
Nc3 Bh4 35. Be4+ Kg7 36. g3 Bg5 37. Nd5 Rf7 38. h4 Bd2 39. Rexe2 Nxe2+ 40. Rxe2
Ba5 41. b4 Bd8 42. Rh2 Rd7 43. Ne3 Kf6 44. Ng4+ Ke6 45. Re2 a5 46. Bd5+ Kd6 47.
Nxe5 Re7 48. f4 Rg7 49. g4 Rf8 50. g5 Rxf4 51. Nc6 Bxg5 52. Re6+ Kc7 53. Bg2
Bxh4 54. bxa5 Bf2+ 55. Kf1 Bc5+ 56. Bf3 Rxf3+ 57. Ke2 Rh3 58. Kd2 Rgg3 59. Ne5
Bxa3 60. a6 Bc1+ 61. Kc3 Be3 62. Rc6+ Kd8 63. c5 Rg1 64. a7 Ra1 65. Rd6+ Ke8 66.
Nc6 Bxc5 67. Re6+ Kd7 68. Rg6 Bxa7 69. Kc4 Bf2 70. d4 Rh5 71. Ne5+ Ke7 72. d5
Rc1+ 73. Kd3 Rxe5 74. d6+ Kd7 75. Rf6 Bc5 76. Kd2 Rh1 77. Kc3 Rh4 78. Rg6 Re3+
79. Kd2 Rh2+ 80. Kd1 Rd3+ 81. Ke1 Bb4+ 0-1

[Event "AUTO-INT-3202"]
[Site "http://www.queenalice.com/game.php?id=1454320"]
[Date "2016.12.11"]
[Round "1"]
[White "caracole"]
[Black "Football_rules"]
[Result "1-0"]
[WhiteElo "1626"]
[BlackElo "1738"]

1. e4 e5 2. Nf3 Nf6 3. d4 Nxe4 4. Bd3 d5 5. dxe5 Bb4+ 6. c3 Bc5 7. Bxe4 dxe4 8.
Nd4 h6 9. Bf4 Bxd4 10. cxd4 Be6 11. Be3 c6 12. Nc3 Nd7 13. Nxe4 Bd5 14. Nd6+ Kf8
15. Qg4 Qa5+ 16. Bd2 Qb6 17. O-O Be6 18. Qf3 f6 19. Nf5 Qxb2 20. Bc3 Qb5 21.
Rfe1 Bd5 22. Qg3 Rg8 23. e6 Bxg2 24. Qd6+ Ke8 25. Qe7# 1-0

[Event "AUTO-INT-3202"]
[Site "http://www.queenalice.com/game.php?id=1454347"]
[Date "2016.12.11"]
[Round "1"]
[White "caracole"]
[Black "TIKAR"]
[Result "0-1"]
[WhiteElo "1625"]
[BlackElo "1784"]

1. e4 e5 2. Nf3 d6 3. c3 h6 4. h3 Nf6 5. d3 Nc6 6. Qe2 Be7 7. Nbd2 O-O 8. Nc4 d5
9. Ncxe5 Nxe5 10. Nxe5 Bd6 11. Nf3 Re8 12. Qc2 dxe4 13. dxe4 Nxe4 14. Be3 b6 15.
Bd3 Bb7 16. O-O Nc5 17. Bc4 Qd7 18. b4 Ne4 19. Bd3 Rad8 20. Nd2 Ng3 21. fxg3
Rxe3 22. g4 Bg3 23. Nc4 Rxd3 24. Rad1 Rxd1 25. Rxd1 Qxd1+ 0-1

[Event "AUTO-INT-3202"]
[Site "http://www.queenalice.com/game.php?id=1454348"]
[Date "2016.12.11"]
[Round "1"]
[White "TIKAR"]
[Black "caracole"]
[Result "1-0"]
[WhiteElo "1766"]
[BlackElo "1636"]

1. c4 e5 2. a3 d5 3. cxd5 Qxd5 4. Nc3 Qd6 5. Nb5 Qd8 6. h3 a6 7. Nc3 c5 8. e4
Nf6 9. Nf3 Nbd7 10. Qa4 b5 11. Nxb5 Nb6 12. Nc7+ Ke7 13. Qc6 Ra7 14. Nd5+ Nbxd5
15. exd5 Nxd5 16. Qxc5+ Ke6 17. Qxa7 Be7 18. Bxa6 Qd6 19. Bxc8+ Rxc8 20. d3 f6
21. O-O Kf7 22. Nh4 g5 23. Nf5 h5 24. Nxd6+ 1-0

[Event "Challenge"]
[Site "http://www.queenalice.com/game.php?id=1454759"]
[Date "2016.12.14"]
[Round "-"]
[White "caracole"]
[Black "cyrillt"]
[Result "0-1"]
[WhiteElo "1628"]
[BlackElo "1661"]

1. e4 e5 2. Nf3 Nc6 3. Bc4 Nf6 4. d3 Bc5 5. Bb3 d5 6. Qe2 Bg4 7. Nc3 d4 8. Nd5
Nxd5 9. exd5 Nb4 10. O-O O-O 11. Qe4 Bxf3 12. Qxf3 c6 13. dxc6 Nxc6 14. c3 Qd7
15. Bd5 Rac8 16. Be4 f5 17. Bxc6 Rxc6 18. Qg3 f4 19. Qg5 Rf5 20. Qh4 Rh6 21. Qg4
Rg6 22. Qf3 b5 23. b4 Bb6 24. Bb2 h5 25. Rfe1 h4 26. h3 Rfg5 27. Kf1 Rxg2 28.
Qe4 Qxh3 29. Ke2 R6g4 30. Rh1 Qg3 31. Qf3 e4 32. Qxg3 fxg3 33. Rhf1 dxc3 34.
Bxc3 e3 35. Kf3 gxf2 36. Be1 fxe1=Q 37. Rfxe1 R4g3+ 38. Kf4 Rf2+ 39. Ke4 e2 40.
d4 Rg4+ 41. Kd3 Rxd4+ 42. Ke3 Rxb4+ 43. Kd2 Rb2+ 44. Kc3 Bd4+ 45. Kxd4 h3 46.
Ke3 Rg2 47. Kf3 g5 48. Rg1 g4+ 49. Kf4 Kg7 50. Kg5 b4 51. Rxg2 hxg2 52. Kxg4 a5
53. Kf3 b3 54. a3 Ra2 55. Re1 Rc2 56. Kxg2 b2 0-1

[Event "AUTO-INT-3179"]
[Site "http://www.queenalice.com/game.php?id=1455137"]
[Date "2016.12.16"]
[Round "2"]
[White "akleetch"]
[Black "caracole"]
[Result "1-0"]
[WhiteElo "1855"]
[BlackElo "1646"]

1. e4 c5 2. Bc4 Nf6 3. Nc3 Nc6 4. d3 b6 5. Bg5 e6 6. Nf3 a6 7. a3 b5 8. Bb3 d5
9. exd5 exd5 10. Bxd5 Qd6 11. Bxf6 Qxf6 12. Ne4 Qh6 13. Ne5 Bb7 14. Nxf7 Qg6 15.
Nxh8 Qf5 16. Nf7 Qxd5 17. Nfg5 h6 18. Qh5+ Kd7 19. Qf7+ Qxf7 20. Nxf7 Be7 21.
O-O-O Rf8 22. Nfd6 Bxd6 23. c3 c4 24. dxc4 bxc4 25. Nxd6 Kc7 26. f3 Ne5 27. Rhe1
Nd3+ 28. Rxd3 cxd3 29. Nxb7 Kxb7 30. Kd2 Rf7 31. Kxd3 Rf6 32. Re7+ Kb6 33. Rxg7
1-0

[Event "AUTO-INT-3179"]
[Site "http://www.queenalice.com/game.php?id=1455138"]
[Date "2016.12.16"]
[Round "2"]
[White "caracole"]
[Black "akleetch"]
[Result "0-1"]
[WhiteElo "1647"]
[BlackElo "1893"]

1. Nf3 Nc6 2. d4 d5 3. c4 Be6 4. Nc3 f6 5. b3 Bf7 6. Bf4 a6 7. e4 dxe4 8. Nxe4
Bh5 9. d5 Ne5 10. Be2 g5 11. Bxe5 Bxf3 12. Nxf6+ exf6 13. Bd4 Bxe2 14. Qxe2+ Be7
15. Qh5+ Kf8 16. O-O Qe8 17. Qf3 Rd8 18. Rfe1 Qf7 19. Re2 c5 20. Bc3 h5 21. Qg3
Bd6 22. Qd3 Rh6 23. b4 cxb4 24. Bd4 Rc8 25. Re6 Bc7 26. Bc5+ Kg7 27. Bxb4 Rd8
28. Rae1 Rd7 29. Bd2 Be5 30. Bc3 Qxe6 31. Bxe5 fxe5 32. Qc3 Qf6 33. Rxe5 Rf7 34.
Qe3 Rg6 35. f3 g4 36. Re6 Qa1+ 37. Kf2 Qxa2+ 38. Qe2 Qb1 39. Qe5+ Nf6 40. d6 Kf8
41. Re7 gxf3 42. gxf3 Ng4+ 0-1

[Event "AUTO-INT-3179"]
[Site "http://www.queenalice.com/game.php?id=1455143"]
[Date "2016.12.16"]
[Round "2"]
[White "caracole"]
[Black "Rider"]
[Result "1-0"]
[WhiteElo "1614"]
[BlackElo "1647"]

1. Nf3 d5 2. g3 Bg4 3. Bg2 c6 4. O-O h5 5. d3 Qd6 6. h3 Bf5 7. Bf4 Qb4 8. b3 Nd7
9. a3 Qb6 10. Nbd2 f6 11. e4 dxe4 12. dxe4 Be6 13. Be3 Qa6 14. Nd4 Bf7 15. f4 g6
16. c4 c5 17. Nc2 b6 18. b4 f5 19. e5 Be6 20. Bxa8 Bg7 21. Bg2 Nh6 22. Qf3 O-O
23. Qc6 Bxc4 24. Nxc4 Qxc4 25. Bd5+ Qxd5 26. Qxd5+ Kh8 27. Qxd7 Ng8 28. Rad1
cxb4 29. Nxb4 a5 30. Nd5 a4 31. Nxe7 Nxe7 32. Qxe7 b5 33. Rd7 Rg8 34. Bd4 h4 35.
Qxh4+ Bh6 36. Qxh6# 1-0

[Event "AUTO-INT-3179"]
[Site "http://www.queenalice.com/game.php?id=1455144"]
[Date "2016.12.16"]
[Round "2"]
[White "Rider"]
[Black "caracole"]
[Result "0-1"]
[WhiteElo "1630"]
[BlackElo "1631"]

1. d4 Nf6 2. c3 g6 3. Nd2 Bg7 4. e4 d6 5. d5 c6 6. c4 b5 7. b3 a6 8. Bb2 Nbd7 9.
cxb5 cxd5 10. exd5 O-O 11. f3 Nxd5 12. Bxg7 Kxg7 13. bxa6 N7f6 14. a3 Ne3 15.
Qe2 Nc2+ 16. Kd1 Bxa6 17. Qf2 Nxa1 18. b4 Nd5 19. Bxa6 Rxa6 20. Nc4 Nb3 21. Qb2+
e5 22. Qxb3 Nb6 23. Na5 Qc7 24. Ne2 d5 25. Nc3 Qd7 26. Ke2 d4 27. Ne4 Raa8 28.
Nc5 Qe7 29. Nc6 Qd6 30. Na5 e4 31. Nxe4 Qe5 32. Rd1 Rac8 33. Kf1 Nd5 34. Kg1 Nc3
35. Rd3 f5 36. Nc4 Qe6 37. Ned2 Qe1+ 38. Nf1 Ne2+ 39. Kh1 Qxf1# 0-1

[Event "AUTO-INT-3179"]
[Site "http://www.queenalice.com/game.php?id=1455145"]
[Date "2016.12.16"]
[Round "2"]
[White "caracole"]
[Black "poeleabois"]
[Result "1-0"]
[WhiteElo "1565"]
[BlackElo "1777"]

1. Nf3 d6 2. d4 Nf6 3. c4 Bg4 4. Nc3 Bxf3 5. gxf3 Nc6 6. e3 d5 7. b3 e6 8. e4
dxc4 9. bxc4 Nxd4 10. e5 Ng8 11. Bg2 Bb4 12. Bd2 Bxc3 13. Bxc3 c5 14. f4 Rb8 15.
O-O f6 16. Qa4+ b5 17. Qxa7 Ne2+ 18. Kh1 Nxc3 19. Qxc5 Rc8 20. Qb4 Rxc4 21. Qd6
Qxd6 22. exd6 Kd7 23. Rfe1 Kxd6 24. Rec1 Ne2 25. Rxc4 bxc4 26. Bf1 Nxf4 27. Bxc4
Ne7 28. a4 Ra8 29. a5 Kc5 30. Bf1 Nc6 31. a6 Nb4 32. Rc1+ Kd4 33. Rc4+ Kd5 34.
Rxb4 e5 35. Ra4 Kc6 36. Rb4 Nd5 37. Rb7 Nc7 38. Bg2+ Kd7 39. a7 Rd8 40. Bh3+ Kc6
41. Bg2+ Kd7 42. Rb8 Ke7 43. Bc6 f5 44. Kg2 Kd6 45. Rxd8+ Kxc6 46. a8=Q+ Nxa8
47. Rxa8 Kd6 48. Ra5 Ke6 49. Kg3 Kf6 50. f3 g5 51. Ra6+ Kg7 52. Re6 e4 53. f4 g4
54. Kh4 Kf7 55. Ra6 e3 56. Kg5 e2 57. Ra1 Kg7 58. Kxf5 h5 59. Kg5 Kf7 60. Re1 h4
61. Kxg4 Kf6 62. Rxe2 h3 63. Re5 Kf7 64. Kg5 Kg7 65. f5 Kf7 66. f6 Kf8 67. Kg6
Kg8 68. Re8# 1-0

[Event "AUTO-INT-3179"]
[Site "http://www.queenalice.com/game.php?id=1455146"]
[Date "2016.12.16"]
[Round "2"]
[White "poeleabois"]
[Black "caracole"]
[Result "1-0"]
[WhiteElo "1723"]
[BlackElo "1613"]

1. e4 c5 2. Nc3 Nc6 3. Bc4 g6 4. d3 Bg7 5. Bd2 e6 6. Nf3 f6 7. O-O a6 8. h3 b5
9. Bb3 Bb7 10. Be3 Qb6 11. d4 c4 12. d5 Qc7 13. dxc6 Bxc6 14. a4 cxb3 15. cxb3
bxa4 16. bxa4 Ne7 17. b3 O-O 18. Bc5 Rfe8 19. Bxe7 Rxe7 20. Qd3 d6 21. Nd4 e5
22. Nxc6 Qxc6 23. Nd5 Rd7 24. Rac1 Qb7 25. Rc3 Rdd8 26. Rc7 Qb8 27. Rfc1 Ra7 28.
Qc4 Rxc7 29. Nxc7+ Kh8 30. Qf7 Rf8 31. Qe7 Rc8 32. Kh2 Qxb3 33. Ne6 Rg8 34. Rc8
Bh6 35. Rxg8+ Kxg8 36. Qe8+ 1-0

[Event "AUTO-INT-3204"]
[Site "http://www.queenalice.com/game.php?id=1455221"]
[Date "2016.12.17"]
[Round "1"]
[White "caracole"]
[Black "krystian"]
[Result "0-1"]
[WhiteElo "1582"]
[BlackElo "1548"]

1. Nf3 d5 2. g3 Nc6 3. d4 h6 4. Bg2 Nf6 5. c3 e6 6. Bf4 Bd6 7. e3 Bxf4 8. exf4
b6 9. Nbd2 Ba6 10. Qa4 Bb7 11. O-O O-O 12. Ne5 a5 13. Qc2 Ne7 14. b3 Rb8 15.
Ndf3 Re8 16. Rfe1 Nd7 17. c4 c5 18. cxd5 Nxd5 19. f5 Rc8 20. g4 cxd4 21. Nxd4
Rxc2 22. Nxc2 Qc7 23. Rac1 Nxe5 24. Rxe5 Qxe5 25. Re1 Qc3 26. Be4 Re7 27. Ne3
Qxe1+ 28. Kg2 Nxe3+ 0-1

[Event "AUTO-INT-3204"]
[Site "http://www.queenalice.com/game.php?id=1455222"]
[Date "2016.12.17"]
[Round "1"]
[White "krystian"]
[Black "caracole"]
[Result "1-0"]
[WhiteElo "1534"]
[BlackElo "1601"]

1. e4 c5 2. Nf3 Nc6 3. d4 cxd4 4. Nxd4 Nf6 5. Nc3 e5 6. Nb3 b6 7. Bd3 Bb4 8. Bd2
d6 9. a3 Bc5 10. Qe2 Bb7 11. O-O-O O-O 12. f4 Nd4 13. Nxd4 Bxd4 14. g3 a6 15.
Be3 Bxc3 16. bxc3 b5 17. Qf2 Qa5 18. Kb2 Ng4 19. Qf3 Nxe3 20. Qxe3 Rac8 21. Qd2
Rcd8 22. f5 f6 23. c4 bxc4 24. Qxa5 cxd3 25. cxd3 d5 26. Qb6 Rf7 27. Qxd8+ 1-0

[Event "AUTO-INT-3204"]
[Site "http://www.queenalice.com/game.php?id=1455223"]
[Date "2016.12.17"]
[Round "1"]
[White "caracole"]
[Black "Ruusgugg"]
[Result "1-0"]
[WhiteElo "1615"]
[BlackElo "1360"]

1. Nf3 f5 2. b3 e6 3. Bb2 d5 4. d4 c5 5. e3 cxd4 6. exd4 Bb4+ 7. c3 Ba5 8. b4
Bb6 9. Bd3 g5 10. Nbd2 g4 11. Ne5 Nf6 12. c4 dxc4 13. Ndxc4 Bc7 14. O-O Ne4 15.
Bxe4 fxe4 16. Nxg4 Rg8 17. Re1 Qd5 18. Nf6+ Kd8 19. Nxd5 exd5 20. Ne3 Bh3 21. g3
a5 22. Nxd5 Bd6 23. Rxe4 Nc6 24. Qh5 Be6 25. Rxe6 Kd7 26. Qf7+ 1-0

[Event "AUTO-INT-3204"]
[Site "http://www.queenalice.com/game.php?id=1455224"]
[Date "2016.12.17"]
[Round "1"]
[White "Ruusgugg"]
[Black "caracole"]
[Result "0-1"]
[WhiteElo "1352"]
[BlackElo "1621"]

1. e4 c5 2. c4 Nc6 3. Nc3 Nf6 4. Qe2 g6 5. e5 Nd4 6. Qd1 Nh5 7. g4 Nf4 8. Nh3
Nfe6 9. f4 Bg7 10. f5 gxf5 11. gxf5 Nxf5 12. Nd5 b6 13. Qf3 Ned4 14. Qg4 Bxe5
15. Qh5 e6 16. Ndf4 Qc7 17. Bg2 Bb7 18. Bxb7 Qxb7 19. Ng5 Qxh1+ 20. Kf2 Nd6 21.
Qg4 Qxh2+ 22. Ng2 Qh6 23. d3 Rg8 24. Be3 Nc2 25. Qf3 Nxa1 26. Nxf7 Qh2 27. Nxd6+
Bxd6 28. Qxa8+ Kf7 29. Qxa7 Qxg2+ 30. Ke1 Qh1+ 31. Ke2 Qh2+ 32. Bf2 Bg3 33.
Qxd7+ Kf6 34. Ke3 Qxf2+ 35. Ke4 Qe2# 0-1

[Event "AUTO-INT-3204"]
[Site "http://www.queenalice.com/game.php?id=1455225"]
[Date "2016.12.17"]
[Round "1"]
[White "caracole"]
[Black "spkveidt"]
[Result "0-1"]
[WhiteElo "1641"]
[BlackElo "1677"]

1. Nf3 c5 2. c4 Nc6 3. d4 cxd4 4. Nxd4 e6 5. Nc3 d5 6. e3 Nf6 7. b3 Bb4 8. Bb2
O-O 9. f3 Qa5 10. Qd3 e5 11. Ne2 e4 12. Qc2 Rd8 13. Nd4 Nxd4 14. exd4 e3 15. Be2
dxc4 16. Bxc4 Rxd4 17. O-O Rd2 18. Qc1 Bf5 19. Rd1 Rad8 20. Re1 Re8 21. Ne4 Nxe4
22. Rxe3 Rf2 23. Bd3 Bd2 24. Qc7 Qxc7 25. fxe4 Bxe3 0-1

[Event "AUTO-INT-3204"]
[Site "http://www.queenalice.com/game.php?id=1455226"]
[Date "2016.12.17"]
[Round "1"]
[White "spkveidt"]
[Black "caracole"]
[Result "1-0"]
[WhiteElo "1692"]
[BlackElo "1642"]

1. e4 c5 2. Bc4 Nc6 3. Nf3 e6 4. O-O g6 5. c3 Bg7 6. d4 b6 7. Na3 a6 8. d5 b5 9.
Be2 exd5 10. Qxd5 c4 11. Bf4 Nge7 12. Qd6 O-O 13. Ne5 Nxe5 14. Bxe5 Bxe5 15.
Qxe5 Nc6 16. Qd5 Qc7 17. Nc2 Bb7 18. Qg5 Ne5 19. Rad1 Bxe4 20. Ne3 d6 21. Rd4
Bd3 22. Re1 b4 23. cxb4 c3 24. Rc1 Bxe2 25. bxc3 a5 26. a3 axb4 27. axb4 Ra3 28.
Nd5 Qa7 29. Ne7+ Kh8 30. Qf6# 1-0